|
|
|
|
| LEADER |
00000cam a2200000 a 4500 |
| 001 |
103570 |
| 005 |
20240113063507.0 |
| 008 |
004060|2003 ||||||||r|||||||||||spa|| |
| 020 |
|
|
|a 9978300007
|
| 040 |
|
|
|b spa
|
| 041 |
1 |
|
|a spa
|
| 082 |
0 |
|
|a 728.6
|
| 100 |
1 |
|
|9 183807
|a Moya Tasquer, Rolando
|
| 245 |
1 |
1 |
|a Casas de campo
|c Rolando Moya Tasquer y Evelia Peralta
|h imp
|
| 264 |
|
|
|a Quito
|b Ediciones Trama
|c Julio de 2003
|
| 300 |
|
|
|a 128 páginas:
|b ilu
|c 30 cm
|
| 650 |
1 |
|
|a Casas de campo
|9 34206
|
| 650 |
1 |
|
|a Detalles arquitectonicos
|9 26009
|
| 650 |
1 |
|
|a Casas rurales
|9 12471
|
| 650 |
1 |
4 |
|a Decoración de interiores
|9 19821
|
| 852 |
|
|
|a UC-CDJBV
|c SEGUNDO PISO
|f Donación
|k mariana.quezada
|l 1
|m General
|p 20040603
|q 20
|r 2
|t 103570
|y 386545
|b 0
|d CDRC
|e CDRC
|g 728.6 SEGUNDO PISO
|z 2004-40-60
|
| 942 |
|
|
|c BK
|
| 999 |
|
|
|c 23782
|d 23782
|